|
|
|
|
| LEADER |
01825njm a2200385 a 4500 |
| 001 |
001186812 |
| 003 |
CZ BrMZK |
| 005 |
20120224100635.0 |
| 007 |
sd fsngnnmmned |
| 008 |
111216s2001 xr fmn g cze d |
| 028 |
0 |
1 |
|a BH 0006-2431
|b Largo
|
| 040 |
|
|
|a BOA001
|b cze
|
| 048 |
|
|
|b vu02
|a oz01
|
| 072 |
|
7 |
|a 784
|x Vokální hudba
|2 Konspekt
|9 9
|
| 080 |
|
|
|a 784.4.088(437.32)
|2 MRF
|
| 080 |
|
|
|a (086.76)
|2 MRF
|
| 110 |
2 |
|
|a Sourozenci Baťkovi (hudební skupina)
|7 kn20100726001
|
| 245 |
1 |
0 |
|a Vyznání domovu--
|h [zvukový záznam]
|
| 260 |
|
|
|a [Kostice] :
|b Largo,
|c 2001
|
| 300 |
|
|
|a 1 zvuková deska :
|b digital ;
|c 12 cm
|
| 500 |
|
|
|a Kompaktní deska
|
| 505 |
0 |
0 |
|t Rodnej dědině --
|t Moravěnko, řeko naša --
|t Mojej milej --
|t Už sa vám mamičko --
|t Najpěknější chvíle --
|t Co by mně nohly --
|t Kam ste sa poděli --
|t Veselá je dědina --
|t Voňavý je rozmarýnek --
|t Šohajíčku čí si ;
|t Listečku z javora --
|t Za Lanžhotem v poli --
|t Eště su já šohaj mladý --
|t Zařehtali koně
|
| 511 |
1 |
|
|a Sourozenci Baťkovi ; Jan Kačer, průvodní slovo ; Cimbálová muzika Technik ; a další
|
| 518 |
|
|
|a Nahráno ve studiu Českého rozhlasu v Brně a Českého rozhlasu v Ostravě
|
| 650 |
0 |
7 |
|a moravské lidové písně, úpravy
|7 ph312548
|2 czenas
|
| 655 |
|
7 |
|a kompaktní desky
|7 fd201991
|2 czenas
|
| 700 |
1 |
|
|a Kačer, Jan,
|d 1936-2024
|7 jn99240000432
|4 itr
|
| 700 |
1 |
|
|a Baťka, Zdeněk,
|d 1960-
|7 jx20060613008
|4 cmp
|
| 700 |
1 |
|
|a Třetina, František,
|d 1920-1999
|7 mzk2005317781
|4 cmp
|
| 700 |
1 |
|
|a Hnátek, Vladimír,
|d 1927-2008
|7 mzk2005280282
|4 cmp
|
| 710 |
2 |
|
|a Cimbálová muzika Technik Ostrava
|7 xx0017031
|
| 910 |
2 |
|
|a BOA001
|b CDR-1276.320
|
| 990 |
|
|
|a AV
|
| 991 |
|
|
|b 201202
|
| 996 |
6 |
|
|b 2610497217
|c CDR-1276.320
|l MZK
|r Sklad / do 24 hodin
|n 1
|p p.v.
|w 001221454
|u 000010
|a 1
|e BOA001
|j MZK50
|s P
|